• 首页
  • 本馆介绍
  • 公告通知
  • 最新文献
  • 馆藏检索
  • 电子资源
  • 读者导购
  • 参考咨询
  • 我的图书馆
  • 登录
  • 详细信息显示
  • 放入我的书架
  • 预约/预借图书
  • 作者相关作品
  • 分类相关作品
  • 丛书相关作品
  • 出版社相关作品

书目信息

  • 表格格式
  • 工作单格式
  • 卡片格式
题名:
当代教育与教学的管理模式与发展研究
    
 
作者: 罗静 著
分册:  
出版信息: 长春   东北师范大学出版社  2022.09
页数: 190页
开本: 26cm
丛书名:
单 册:
中图分类: G40-058 , G42
科图分类:
主题词: 教育管理--研究 , 教学管理--研究
电子资源:
ISBN: 978-7-5681-4391-2
000 00998nam0 2200253 450
001 012001002139
005 20141203113421.0
010    @a978-7-5681-4391-2@dCNY78.00
100    @a20220905d2018 em y0chiy50 ea
101 0  @achi
102    @aCN@b220000
105    @ay z 000yy
106    @ar
200 1  @a当代教育与教学的管理模式与发展研究@Adang dai jiao yu yu jiao xue de guan li mo shi yu fa zhan yan jiu@f罗静著
210    @a长春@c东北师范大学出版社@d2022.09
215    @a190页@d26cm
330    @a本书共分为六个章节。第一章到第三章阐述了当代教育管理与教学模式在管理性质与运行模式上的不同特征。第四章主要阐述学生获取新知识的能力、分析和解决问题的能力以及交流与合作的能力。第五章主要阐述了创新教育的核心是开拓人的潜在能动性。第六章重点探讨了当代教育与教学管理模式下教师的发展。
606 0  @a教育管理@x研究
606 0  @a教学管理@x研究
690    @aG40-058@v5
690    @aG42@v5
701  0 @a罗静@Aluo jing@4著
801  0 @aCN@bAHXH@c20221111
905    @b1376554-8@dG40-058@e1360@f5
    
    当代教育与教学的管理模式与发展研究/罗静著.-长春:东北师范大学出版社,2022.09
    190页;26cm
    
    
    ISBN 978-7-5681-4391-2:CNY78.00
    本书共分为六个章节。第一章到第三章阐述了当代教育管理与教学模式在管理性质与运行模式上的不同特征。第四章主要阐述学生获取新知识的能力、分析和解决问题的能力以及交流与合作的能力。第五章主要阐述了创新教育的核心是开拓人的潜在能动性。第六章重点探讨了当代教育与教学管理模式下教师的发展。
●
相关链接 在E读中查询图书 在五车中查询图书 在当当中查询图书 在豆瓣中查询图书


正题名:当代教育与教学的管理模式与发展研究     索取号:G40-058/1360         预约/预借

序号 登录号 条形码 馆藏地/架位号 状态 备注
1 1376554   213765549   第一样本阅览室/ [索取号:G40-058/1360] 在馆    
2 1376555   213765558   教育系资料室/ [索取号:G40-058/1360] 在馆    
3 1376556   213765567   教育系资料室/ [索取号:G40-058/1360] 在馆    
4 1376557   213765576   第四借阅区/ [索取号:G40-058/1360] 在馆    
5 1376558   213765585   第四借阅区/ [索取号:G40-058/1360] 在馆    
唐山师范学院图书馆 欢迎您!
大连网信软件有限公司© 版权所有